| 000 | 00611nam a2200157 4500 | ||
|---|---|---|---|
| 001 | 126748 | ||
| 003 | ES-MaACL | ||
| 005 | 20230906192854.0 | ||
| 007 | t| | ||
| 008 | 070214s1974 sp r ||||1| spa d | ||
| 111 | 2 |
_aReunión de Amigos de la Ciudad Católica ( _n12ª. _d1973. _cPorta del Mar, Tarragona) _9135186 |
|
| 245 | 1 | 0 |
_aRevolución, conservadurismo, tradicionalismo _b: actas de la XII Reunión Amigos de la Ciudad Católica, Porta del mar, Salou, Tarragona, 7, 8 y 9 de diciembre de 1973. |
| 260 |
_aMadrid : _bSpeiro, _c1974. |
||
| 300 |
_a205 p. ; _c22 cm. |
||
| 852 |
_aES-MaACL _jE-6524 _bR.91011 |
||
| 999 |
_c126748 _d126748 |
||